| 000 | 03412cam a2200397 i 4500 | ||
|---|---|---|---|
| 001 | 193231 | ||
| 003 | SpMaBN | ||
| 005 | 20250825062646.0 | ||
| 007 | ta | ||
| 008 | 080220s2007 sp | |||| 000 spa | ||
| 017 |
_aM 25223-2007 _bOficina Depósito Legal Madrid |
||
| 020 | _a9788493567316 | ||
| 035 | _aF3319127 | ||
| 040 |
_aSpMaBN _bspa _cSpMaBN _erdc |
||
| 080 | _a7 Scala, Eduardo | ||
| 100 | 1 |
_aScala, Eduardo, _d1945- _0XX896439 _eaut _9141379 |
|
| 245 | 1 | 0 |
_aArs de Job / _cEduardo Scala ; caligrafía de Carlos Álvarez Renuncio |
| 260 |
_a[Madrid] : _bTurpin, _c2007 |
||
| 300 |
_a122 páginas : _bprincipalmente ilustraciones color ; _c23 x 23 cm |
||
| 336 |
_2rdacontent _aTexto |
||
| 337 |
_2rdamedia _asin mediación |
||
| 338 |
_2rdacarrier _avolumen |
||
| 500 | _aEn colofón: Edición facsimilar del manuscrito caligrafiado por Carlos Álvarez Renuncio, en el que hace una interpretación de "Ars de Job", de Eduardo Scala | ||
| 500 | _aHojas impresas por una sola cara | ||
| 520 | _aFiel a la tradición hermética (Lull, Camillo, Bruno), Scala emplea el número y las figuras geométricas como clave constructiva. Ars de Job es el primer libro monosilábico en lengua castellana. Su uso refleja un sentimiento de desconfianza en el decir, propio de la poética del silencio: Dante, la Mística, Cirlot… “Al sumiso-rebelde-sumiso Job en esta nueva experiencia se le premia con un nuevo castigo: la privación de los deleites de la dicción, del melos de la palabra. Se le ordena percutir su voz con el único sonido —profético, poético— para nombrar lo innombrable.” Tensado al límite, el monosílabo supone una búsqueda de lo esencial, un retorno a los orígenes del lenguaje. En esta nueva versión caligrafiada de Ars de Job los mensajes adoptan una forma circular. La elección no es arbitraria: nace del efecto de circularidad que los poemas producen al comenzar y terminar con la misma palabra. La configuración radial de las sílabas y el ritmo ondulante de los grafemas reproducen la imagen de un sol radiante. Con esa imagen, emblema de una escritura experiencial, el nuevo Ars de Job potencia su legibilidad. El mensaje resulta visualmente más claro, pero la naturaleza enigmática del texto rechaza un entendimiento fácil. Los hallazgos son lentos y provisionales. El acto de leer se convierte en una aventura de descubrimiento gradual. En una época en la que los avances tecnológicos han impuesto una concepción trepidante del tiempo, agrada encontrar un trabajo como el de Carlos Álvarez Renuncio, fruto de un dilatado proceso de maduración y gestación. La belleza de su resultado muestra la perseverancia y perfeccionismo de este amigo de la caligrafía. | ||
| 600 | 1 | 4 |
_aScala, Eduardo, _d1945- _9141379 |
| 655 | 7 |
_aLibros ilustrados _2tgfbne _9193653 |
|
| 700 | 1 |
_aÁlvarez Renuncio, Carlos _9234349 _eill _ecll |
|
| 852 |
_aES-MaACL _bR. 154730 _cDEPOJ _9200653 _gDedicatoria autógrafa de Carlos Álvarez Renuncio _hDonación: Carlos Álvarez Renuncio _jN-9397 _xEncuadernación cartoné |
||
| 903 |
_9234349 _aÁlvarez Renuncio, Carlos _ednr |
||
| 942 |
_n0 _cMONOGRAFIA |
||
| 999 |
_c193231 _d193231 |
||